| 000 | 00445nam a2200145 a 4500 | ||
|---|---|---|---|
| 001 | 000036568 | ||
| 005 | 20200930075813.0 | ||
| 008 | 120120s1977 ag 000 0 spa d | ||
| 040 |
_aDO-SdBNP _bspa _cBNPHU |
||
| 082 |
_axxxx _bH925 |
||
| 245 | 0 | 3 |
_aEl humor absurdo / _cSelección y notas de Eduardo Stilman. |
| 260 |
_aBuenos Aires, Argentina : _bEdiciones Siglo Veinte, _c1977. |
||
| 300 |
_a151 p. ; _c20 cm. |
||
| 700 | 1 |
_aStilman, Eduardo _962836 |
|
| 999 |
_c36059 _d36059 |
||